000 01206nas a2200301 4500
001 BR2012005101
003 BR-BrBNA
005 20231205120831.0
007 ta
008 230509b bl.|||p| |||| 00| 00por d
040 _aBR-BrBNA
_bpor
_cBiblioteca Nacional de Agricultura
041 _a(En)
072 _aL72
100 1 _aSilva, M.B.A.
100 1 _aJurberg, J.
100 1 _aGalvão, C.
100 1 _aBarbosa, H.S.
245 1 _aComparative study of the Stridulatorium Sulcus, Buccula and Rostrum of Nymphs of Triatoma klugi Carcavallo et al, Triatoma vandae Carcavallo et al and Triatoma williami Galvão et al (Hemiptera: Reduviidae)
246 1 _aComparative study of the Stridulatorium Sulcus, Buccula and Rostrum of Nymphs of Triatoma klugi Carcavallo et al, Triatoma vandae Carcavallo et al and Triatoma williami Galvão et al (Hemiptera: Reduviidae)
650 _aPRAGA DE ANIMAL
650 _aINSETO
650 _aVETOR
650 _aTRANSMISSÃO DE DOENÇA
650 _aDOENÇA DE CHAGAS
773 0 _tNeotropical Entomology (Brazil)
_xISSN 1519-566X
_g(Jan-Feb 2010), v. 39(1) p. 35-45
_wBR2012005101
909 _a202311
_bLúcia
_c55
_dLúcia Elande
942 _2AGRIS
_n0
_cANA
999 _c220556
_d220556